La guerre civile a Rome: étude littéraire et morale

Gespeichert in:
Bibliographische Detailangaben
1. Verfasser: Jal, Paul (VerfasserIn)
Format: Buch
Sprache:Französisch
Veröffentlicht: París Presses Universitaires de France 1963
Schriftenreihe:Recherches, 6
Schlagworte:
Tags: Tag hinzufügen
Keine Tags, Fügen Sie den ersten Tag hinzu!

MARC

LEADER 00000nam a2200000 a 4500
001 UCP9472
003 CL-VaPUC
008 000324e19630000FR |||||||||||||||||fre|d
082 0 4 |a 937.05  |b JAL  |2 21 
100 0 |a Jal, Paul  |e author  |9 440075 
245 1 3 |a La guerre civile a Rome: étude littéraire et morale 
300 |a 540 p 
942 |c BK 
945 |d 20000324 00:00:00  |a rherrera 
260 |a París  |b Presses Universitaires de France  |c 1963 
650 0 |a Historia antigua  |9 267521 
650 7 |a ROMA  |2 CL-VaPUC  |9 317375 
650 0 |a Guerra civil  |9 320243 
583 |a last modification  |c 20000324 00:00:00  |k Rodrigo Vera 
490 0 |a Recherches, 6 
999 |c 286284  |d 286282 
952 |0 0  |1 0  |4 0  |6 937_050000000000000_JAL_1963  |7 0  |8 A  |9 331808  |a BIBHIS  |b BIBHIS  |d 2019-11-20  |i 1260359  |o 937.05 JAL 1963  |p 1260359  |r 2025-01-20  |w 2019-11-20  |y BK  |k HIS